000 00923nam a22003017a 4500
003 CHAP
005 20220329134325.0
008 971013s1969 r 00010 d
010 _a18732
011 _a19704
035 _a23789
040 _cCHAP
082 _a301.35
_bD4
100 0 0 _aDew, Edward.
_932327
245 _aPolictics in the Altiplano; the dynamics of change in rural Peru
260 _aAustin :
_bUniversity of Texas,
_c1969
300 _a216 p.
590 _aBATCH-UPD
_b10
_c20130110
_lUCH01
_h2046
590 _aBATCH-UPD
_b10
_c20130410
_lUCH01
_h1400
590 _aBATCH-UPD
_b10
_c20130914
_lUCH01
_h0822
590 _aCONVERSION
_b10
_c20130109
_lUCH01
_h1311
650 1 4 _aCambio social.
_917787
650 1 4 _aPerĂº
_xCondiciones rurales.
_987219
650 1 4 _aReforma agraria
_xPerĂº.
_995580
901 _aBK
942 _cLIBRO
949 _a301.35 D4
_bBC
_cLIBRO
_d-55196
_eLIBRO
_h43407
_i23789
_mD
_si
999 _c18732
_d18732